000 00643cam a2200193 4500500
005 20260322013855.0
041 _afre
042 _adc
100 1 0 _aDraye, Micheline
_eauthor
700 1 0 _aEstager, Julien
_eauthor
700 1 0 _aMalacria, Max
_eauthor
700 1 0 _aGoddard, Jean-Philippe
_eauthor
700 1 0 _aOllivier, Cyril
_eauthor
245 0 0 _aOrganic sonochemistry
260 _c2026.
500 _a35
786 0 _nDrugs and pharmaceuticals | - | 2026-03-05 | p. 13-13
856 4 1 _uhttps://stm.cairn.info/drug-production-chemical-and-biotechnological-processes--bdti42610210-k1250-page-13?lang=en&redirect-ssocas=7080
999 _c1784296
_d1784296